| 000 | 00396nam a22001697a 4500 | ||
|---|---|---|---|
| 003 | SGT | ||
| 020 | _a9780367410193 | ||
| 082 |
_a615.18 _bP20J |
||
| 100 | _aJENKINS, WILMER,A | ||
| 245 | _aPACKAGING DRUGS AND PHARMACEUTICALS | ||
| 250 | _a1ST | ||
| 260 |
_aLONDON _bCRC PRESS _c2020 |
||
| 300 | _a353 | ||
| 650 | _aPHARMACY | ||
| 653 | _aPACKAGING, DRUGS, PHARMACEUTICALS | ||
| 942 |
_2ddc _cBK |
||
| 999 |
_c26963 _d26963 |
||